00753 2200229 4500001002100000005001700021008004100038020001500079035002500094082001200119090002200131110004600153245011400199250001100313260003300324300002100357500002600378650005500404710003400459850001200493990001800505YOGYA-0209000003894820150420185910.0 ind  a979-3270-1 a0010-020900000038948 a341.751 aRQ 341.751bInd S aINDONESIA.[Undang-undang, peraturan, dsb] aSeri peraturan perundang-undangan perbankan Indonesia tahun 1950-2004cpenyusun, Tim Redaksi CV Citra Mandiri aCet. 1 aJakartabCitra Mandiric2004 a... Jilidc28 cm aYang diterima : jl. 3 aBank dan Perbukuan - Undang-undang, peraturan, dsb aTim Redaksi CV. Citra Mandiri aYOPDYOG a12742-PD/B.05